|
|
|
|
| LEADER |
00000caa a22000002c 4500 |
| 001 |
1642100196 |
| 003 |
DE-627 |
| 005 |
20220608135331.0 |
| 007 |
tu |
| 008 |
150130s1987 xx ||||| 00| ||eng c |
| 035 |
|
|
|a (DE-627)1642100196
|
| 035 |
|
|
|a (DE-576)425581357
|
| 035 |
|
|
|a (DE-599)BSZ425581357
|
| 040 |
|
|
|a DE-627
|b ger
|c DE-627
|e rakwb
|
| 041 |
|
|
|a eng
|
| 100 |
1 |
|
|a Bornewasser, Manfred
|d 1949-
|0 (DE-588)120727625
|0 (DE-627)080853765
|0 (DE-576)160375231
|4 aut
|
| 109 |
|
|
|a Bornewasser, Manfred 1949-
|
| 245 |
1 |
0 |
|a Individual, social group and intergroup behavior
|b some conceptual remarks on the social identity theory
|c M. Bornewasser; J. Bober
|
| 264 |
|
1 |
|c 1987
|
| 336 |
|
|
|a Text
|b txt
|2 rdacontent
|
| 337 |
|
|
|a ohne Hilfsmittel zu benutzen
|b n
|2 rdamedia
|
| 338 |
|
|
|a Band
|b nc
|2 rdacarrier
|
| 700 |
1 |
|
|a Bober, J.
|4 aut
|
| 773 |
0 |
8 |
|i In
|t European journal of social psychology
|d Malden, Mass. : Wiley-Blackwell, 1971
|g 17(1987), 3, Seite 267-276
|w (DE-627)129288721
|w (DE-600)120109-8
|w (DE-576)014470314
|x 0046-2772
|7 nnas
|
| 773 |
1 |
8 |
|g volume:17
|g year:1987
|g number:3
|g pages:267-276
|
| 951 |
|
|
|a AR
|
| ELC |
|
|
|b 1
|
| LOK |
|
|
|0 000 xxxxxcx a22 zn 4500
|
| LOK |
|
|
|0 001 3305763841
|
| LOK |
|
|
|0 003 DE-627
|
| LOK |
|
|
|0 004 1642100196
|
| LOK |
|
|
|0 005 20150130110139
|
| LOK |
|
|
|0 008 150130||||||||||||||||ger|||||||
|
| LOK |
|
|
|0 040
|a DE-21-110
|c DE-627
|d DE-21-110
|
| LOK |
|
|
|0 689
|a s
|a Soziale Identität
|
| LOK |
|
|
|0 852
|z Kein Bestand am IfK; Nachweis für KrimDok
|
| LOK |
|
|
|0 852
|a DE-21-110
|
| LOK |
|
|
|0 852 1
|m v
|9 00
|
| LOK |
|
|
|0 935
|a k110
|
| LOK |
|
|
|0 938
|k v
|
| LOK |
|
|
|0 939
|a 30-01-15
|b l01
|
| ORI |
|
|
|a SA-MARC-krimdoka001.raw
|